Statistics for Coral Reef - 24 Piece Jigsaw Puzzle

Click here to take the quiz!

General Stats

  • This quiz has been taken 102 times
    (99 since last reset)
  • The average score is 19 of 24

Answer Stats

Answer % Correct
97%
89%
88%
86%
86%
83%
80%
80%
78%
78%
78%
77%
77%
77%
75%
74%
74%
72%
72%
72%
71%
71%
69%
66%

Score Distribution

Percentile by Number Answered

Percent of People with Each Score

Your Score History

You have not taken this quiz since the last reset